000 01195cam a22003617a 4500
001 16497598
003 OSt
005 20150408114021.0
008 101012s2009 enka b 001 0 eng
010 _a 2010484144
015 _aGBA906495
_2bnb
015 _a014-88386
_2bnb
015 _aGBA-90649
_2bnb
016 7 _a101506661
_2DNLM
016 7 _a014883868
_2Uk
020 _a9781405167741 (pbk.)
020 _a1405167742 (pbk.)
035 _a(OCoLC)ocn295561759
040 _aNLM
_cNLM
_dUKM
_dYDXCP
_dBTCTA
_dBWKUK
_dCDX
_dGBVCP
_dDLC
042 _anlmcopyc
_alccopycat
050 0 0 _aRM301.27
_b.H33 2009
060 0 0 _a2009 F-694
082 0 4 _a615.50724
_222
100 1 _aHackshaw, Allan K.
_914316
245 1 2 _aA concise guide to clinical trials /
_cAllan Hackshaw.
260 _aChichester, UK ;
_aHoboken, NJ :
_bWiley-Blackwell,
_c2009.
300 _avii, 215 p. :
_bill. ;
_c23 cm.
504 _aIncludes bibliographical references and index.
650 0 _aClinical trials
_vHandbooks, manuals, etc.
_914317
650 1 2 _aClinical Trials as Topic.
_914318
942 _2ddc
_cBOOK
999 _c22076
_d256576